Do regálov pribúdajú opatrne

O biopotraviny prejavujú záujem najmä väčšie formáty predajní, resp. obchodné reťazce. So zmenšujúcou sa predajnou plochou dopyt klesá. Tieto údaje vyplývajú z prieskumu. Umiestnenie biopotravín v predajni - oddeliť od diavýrobkov. Kanály propagácie biopotravín. Bio a odborné informácie.

Salvato in:
Dettagli Bibliografici
Autore principale: Hinková-Dibarborová, Andrea
Natura: Capitolo di libro
Lingua:slovacco
Soggetti:
Tags: Aggiungi Tag
Nessun Tag, puoi essere il primo ad aggiungerne!!

MARC

LEADER 00000naa$a2200000$$$4500
001 0053516
005 20231128092512.8
041 0 |a slo 
044 |a SK 
245 1 0 |a Do regálov pribúdajú opatrne  |c Andrea Hinková-Dibarborová 
520 |a O biopotraviny prejavujú záujem najmä väčšie formáty predajní, resp. obchodné reťazce. So zmenšujúcou sa predajnou plochou dopyt klesá. Tieto údaje vyplývajú z prieskumu. Umiestnenie biopotravín v predajni - oddeliť od diavýrobkov. Kanály propagácie biopotravín. Bio a odborné informácie. 
610 2 0 |a bioprodukty 
610 2 0 |a potraviny 
610 2 0 |a dopyt spotrebiteľský 
610 2 0 |a reťazce obchodné 
610 2 0 |a propagácia 
100 1 |a Hinková-Dibarborová, Andrea